书目信息 |
| 题名: |
我的早年生活
|
|
| 作者: | 丘吉尔 著 | |
| 分册: | ||
| 出版信息: | 南京 江苏人民出版社 1998.09 |
|
| 页数: | 309页 | |
| 开本: | 32开 | |
| 丛书名: | ||
| 单 册: | ||
| 中图分类: | D756.109 | |
| 科图分类: | ||
| 主题词: | 政治 | |
| 电子资源: | ||
| ISBN: | 7-214-02257-5 | |
| 000 | 00544nam0 2200193 45 | |
| 001 | 0011251593 | |
| 005 | 20001125152740.0 | |
| 010 | @a7-214-02257-5@d14.00元 | |
| 100 | @a20001125d1998 km y0chiy0120 ea | |
| 101 | 0 | @achi |
| 105 | @a z 000yy | |
| 200 | 1 | @a我的早年生活@AWo De Zao Nian Sheng Huo@f(英)丘吉尔著@F(Ying)Qiu Ji Er Zhu |
| 210 | @a南京@c江苏人民出版社@d1998.09 | |
| 215 | @a309页@d32开 | |
| 606 | 0 | @a政治 |
| 690 | @aD756.109@v3 | |
| 701 | 0 | @a丘吉尔@4著 |
| 801 | @aCN@bPftUser@c20001125 | |
| 905 | @b504074-075@dD756.109@eQ217@f2 | |
| 我的早年生活/(英)丘吉尔著.-南京:江苏人民出版社,1998.09 |
| 309页;32开 |
| ISBN 7-214-02257-5:14.00元 |
| ● |
| 相关链接 |
|
|
|
正题名:我的早年生活
索取号:D756.109/Q217
 
预约/预借
| 序号 | 登录号 | 条形码 | 馆藏地/架位号 | 状态 | 备注 |
| 1 | 504074 | 205040748 | 社科库509/509社科库 78排1列4层/ [索取号:D756.109/Q217] | 在馆 | |
| 2 | 504075 | 205040757 | 社科库509/509社科库 78排1列4层/ [索取号:D756.109/Q217] | 在馆 |